Nanotechnology / (Record no. 53365)

MARC details
000 -LEADER
fixed length control field 00633nam a2200241Ia 4500
005 - DATE AND TIME OF LATEST TRANSACTION
control field 20260429112309.0
008 - FIXED-LENGTH DATA ELEMENTS--GENERAL INFORMATION
fixed length control field 260429s9999||||xx |||||||||||||| ||und||
020 ## - INTERNATIONAL STANDARD BOOK NUMBER
International Standard Book Number 9788119684748
041 ## - LANGUAGE CODE
Language English
082 ## - DEWEY DECIMAL CLASSIFICATION NUMBER
Classification number 620.5
Item number SHA
100 ## - MAIN ENTRY--PERSONAL NAME
Personal name Sharma, Dinesh Kumar
245 #0 - TITLE STATEMENT
Title Nanotechnology /
Statement of responsibility, etc Dinesh Kumar Sharma
260 ## - PUBLICATION, DISTRIBUTION, ETC. (IMPRINT)
Place of publication, distribution, etc Jaipur :
Name of publisher, distributor, etc Book Enclave,
Date of publication, distribution, etc 2025.
300 ## - PHYSICAL DESCRIPTION
Extent vii, 243p.; hb
650 ## - SUBJECT ADDED ENTRY--TOPICAL TERM
Topical term or geographic name as entry element Applied physics
650 ## - SUBJECT ADDED ENTRY--TOPICAL TERM
Topical term or geographic name as entry element Materials science
650 ## - SUBJECT ADDED ENTRY--TOPICAL TERM
Topical term or geographic name as entry element Nanomaterials
650 ## - SUBJECT ADDED ENTRY--TOPICAL TERM
Topical term or geographic name as entry element Nanoscience
650 ## - SUBJECT ADDED ENTRY--TOPICAL TERM
Topical term or geographic name as entry element Nanotechnology
700 ## - ADDED ENTRY--PERSONAL NAME
Personal name Kant, Ravi
700 ## - ADDED ENTRY--PERSONAL NAME
Personal name Khan, Iftikhar Ahmad
942 ## - ADDED ENTRY ELEMENTS (KOHA)
Koha item type Text Books
Holdings
Withdrawn status Lost status Damaged status Not for loan Collection code Home library Location Shelving location Date of Cataloging Source of acquisition Total Checkouts Full call number Barcode Date last seen Price effective from Koha item type
        Non-fiction CUTN Central Library CUTN Central Library Medicine, Technology & Management 29/04/2026 Kiran Book Centre, Bengaluru - Invoice No. 301/25-26 on 11-02-2026   620.5 SHA 56191 29/04/2026 29/04/2026 Text Books
        Non-fiction CUTN Central Library CUTN Central Library Medicine, Technology & Management 29/04/2026 Kiran Book Centre, Bengaluru - Invoice No. 301/25-26 on 11-02-2026   620.5 SHA 56192 29/04/2026 29/04/2026 Text Books